Countries Containing S - Statistics

General Stats
  • This quiz has been taken 1,085 times
  • The average score is 58 of 69
Answer Stats
Country % Correct
Sweden
97%
South Korea
95%
Spain
95%
United States
95%
Australia
94%
South Africa
94%
Sudan
93%
Switzerland
93%
Russia
92%
South Sudan
92%
Slovakia
91%
Afghanistan
90%
Austria
90%
Pakistan
90%
Serbia
90%
Saint Kitts and Nevis
89%
Slovenia
89%
Somalia
89%
Senegal
88%
Singapore
88%
Suriname
88%
Saint Lucia
87%
San Marino
87%
Saudi Arabia
87%
Syria
87%
Indonesia
86%
Kazakhstan
86%
Sri Lanka
86%
Turkmenistan
86%
Seychelles
85%
Solomon Islands
85%
Belarus
84%
Estonia
84%
Israel
84%
Uzbekistan
84%
Honduras
83%
Saint Vincent and the Grenadines
83%
Tajikistan
83%
Malaysia
82%
Marshall Islands
82%
Samoa
82%
United Arab Emirates
82%
Barbados
81%
Bosnia and Herzegovina
81%
Kyrgyzstan
81%
Bahamas
80%
Costa Rica
80%
Laos
80%
Philippines
80%
Netherlands
79%
Sierra Leone
79%
Cyprus
78%
Madagascar
78%
Tunisia
78%
Bangladesh
77%
Comoros
77%
El Salvador
77%
Kosovo
77%
Lesotho
77%
Sao Tome and Principe
77%
Botswana
76%
Mauritius
76%
Swaziland
76%
Maldives
74%
East Timor
71%
Federated States of Micronesia
71%
Liechtenstein
71%
Burkina Faso
66%
Guinea Bissau
65%
No matching quizzes found
Score Distribution
Percent of People with Each Score
Percentile by Number Answered
Your Score History
You have not taken this quiz